Past and Present Communist Nations - Statistics

General Stats
  • This quiz has been taken 269 times
    228 since last reset
  • The average score is 35 of 46
Answer Stats
Hint Answer % Correct
USSR Russia
94%
Current China
93%
USSR Kazakhstan
92%
USSR Latvia
92%
Yugoslavia Serbia
92%
USSR Estonia
91%
USSR Lithuania
91%
Current Cuba
89%
Current North Korea
89%
Yugoslavia Slovenia
89%
USSR Ukraine
88%
USSR Uzbekistan
88%
Current Vietnam
88%
Yugoslavia Croatia
87%
Current Laos
86%
Eastern Bloc Bulgaria
85%
Eastern Bloc Hungary
85%
Eastern Bloc Poland
85%
Eastern Bloc Romania
85%
Eastern Bloc Slovakia
85%
USSR Tajikistan
85%
Yugoslavia Montenegro
84%
USSR Turkmenistan
84%
USSR Belarus
83%
USSR Kyrgyzstan
83%
Yugoslavia Bosnia and Herzegovina
82%
USSR Georgia
82%
Balkans Albania
81%
Eastern Bloc Czech Republic
81%
USSR Moldova
81%
USSR Azerbaijan
80%
Yugoslavia Kosovo
79%
USSR Armenia
78%
Yugoslavia Macedonia
78%
Other Asian Cambodia
67%
Other Asian Mongolia
66%
Eastern Bloc East Germany
65%
Africa Angola
54%
Africa Ethiopia
47%
Africa Somalia
47%
Other Asian Afghanistan
46%
Africa Peoples Republic of the Congo
44%
Africa Mozambique
39%
Other Asian South Yemen
33%
Africa Eritrea
26%
Africa Benin
25%
No matching quizzes found
Score Distribution
Percent of People with Each Score
Percentile by Number Answered
Your Score History
You have not taken this quiz since the last reset